000 00578nam a2200169Ia 4500
008 090711s9999 xx 000 0 und d
082 _b8838
100 _aवकील व्यंकटेश
245 _aदोन बिघे जमीन
260 _bमहाराष्ट्र ग्रंथ भांडार
_c1958
300 _a116
600 _aवकील व्यंकटेश
630 _aदोन बिघे जमीन
700 _aवकील व्यंकटेश
730 _aदोन बिघे जमीन
942 _cBOOK
999 _c294069
_d294069